La edad incierta

Sparad:
Bibliografiska uppgifter
Huvudupphovsman: Castello, Lucía
Materialtyp: Bok
Språk:Undetermined
Publicerad: Montevideo, Uruguay Emecé 1969
Ämnen:
Taggar: Lägg till en tagg
Inga taggar, Lägg till första taggen!

MARC

LEADER 00000nam a2200000Ia 4500
008 170316s9999 xx 000 0 und d
040 |a cru BVZT 
090 |a 860 C-26e 
100 |a Castello, Lucía 
245 |a La edad incierta 
260 |a Montevideo, Uruguay 
260 |b Emecé 
260 |c 1969 
300 |a 80 páginas 
650 |a LITERATURA LATINOAMERICANA 
999 |c 8514  |d 8514 
942 |c 15 D  |h 860 C-26e  |2 z